000 01234nam a22002537a 4500
001 121406
008 230323s2021 xxk|||||o|||| 00| 0 eng d
020 _a9781783214501
041 _aeng
110 _aRoyal Institution of Chartered Surveyors
245 _aResponsible Business: a Framework For Real Estate Management
_h[Electronic resource]
250 _a1st
260 _aLondon,
_bRoyal Institution of Chartered Surveyors,
_cDecember 2021
300 _a57p.
490 _aRICS Framework
520 _aFollowing on from the RICS Responsible Business Report, published in March 2019, this RICS Responsible Business Framework will help create a level-playing field for RICS members and firms to encourage their clients to adopt sustainable solutions that minimise harm and deliver balanced economic, social and environmental benefits.
650 _aRESPONSIBLE BUSINESS
651 _aInternational
690 _96262
_aProperty management
700 _aHigham, Phil
710 _aRoyal Institution of Chartered Surveyors
856 _uhttps://www.rics.org/profession-standards/rics-standards-and-guidance/sector-standards/real-estate-standards/responsible-business-framework
_zAvailable free on RICS.org
942 _n0
999 _c121406
_d121406